[Event "25. Torneo Magistral de Elgoibar 2015"]
[Site "Elgoibar ESP"]
[Date "2015.12.14"]
[Round "1.1"]
[White "Etchegaray, Patrice"]
[Black "Pap, Misa"]
[Result "1/2-1/2"]
[WhiteElo "2381"]
[BlackElo "2494"]
[PlyCount "60"]
[EventDate "2015.12.14"]
[EventType "tourn"]
[EventRounds "9"]
[EventCountry "ESP"]
[Source "lmi"]
[SourceDate "2015.12.14"]

1. d4 f5 2. e4 fxe4 3. Nc3 Nf6 4. Bg5 Nc6 5. d5 Ne5 6. Qd4 Nf7 7. Bxf6 exf6 8.
Nxe4 f5 9. Nc3 g6 10. O-O-O Bh6+ 11. f4 O-O 12. Nf3 d6 13. h4 c5 14. Qd2 a6 15.
Ng5 Nxg5 16. hxg5 Bg7 17. g3 Rf7 18. Re1 b5 19. Nd1 Raa7 20. Bg2 Rfe7 21. Bf3
Qe8 22. Qa5 b4 23. Rxe7 Rxe7 24. Qb6 Bf8 25. Qxd6 Rd7 26. Qc6 Bd6 27. Re1 Qd8
28. Re6 Bb7 29. Qa4 c4 30. Ne3 c3 1/2-1/2

[Event "25. Torneo Magistral de Elgoibar 2015"]
[Site "Elgoibar ESP"]
[Date "2015.12.14"]
[Round "1.2"]
[White "Kobo, Ori"]
[Black "Borya, Ider"]
[Result "0-1"]
[WhiteElo "2430"]
[BlackElo "2460"]
[PlyCount "76"]
[EventDate "2015.12.14"]
[EventType "tourn"]
[EventRounds "9"]
[EventCountry "ESP"]
[Source "lmi"]
[SourceDate "2015.12.14"]

1. d4 e6 2. c4 d5 3. Nc3 Nf6 4. cxd5 exd5 5. Bg5 c6 6. Qc2 Be7 7. e3 Nbd7 8.
Bd3 h6 9. Bh4 Nh5 10. Bxe7 Qxe7 11. O-O-O Nb6 12. h3 Nf6 13. Nf3 Be6 14. Kb1 a5
15. Na4 Nxa4 16. Qxa4 O-O 17. Rc1 Rfc8 18. Rc5 Ne4 19. Bxe4 dxe4 20. Nd2 b5 21.
Qc2 Bd5 22. Ka1 Rcb8 23. Rc1 a4 24. Qd1 Qe6 25. Qg4 f5 26. Qf4 Rf8 27. Nb1 b4
28. Nd2 a3 29. b3 g5 30. Qc7 f4 31. Nc4 fxe3 32. fxe3 Qf6 33. Qe5 Qf7 34. Nb6
Qf2 35. Rb1 Rae8 36. Qd6 Re6 37. Qh2 Qxe3 38. Qg1 Rf2 0-1

[Event "25. Torneo Magistral de Elgoibar 2015"]
[Site "Elgoibar ESP"]
[Date "2015.12.14"]
[Round "1.3"]
[White "Muñoz, Miguel"]
[Black "Astasio Lopez, David"]
[Result "1-0"]
[WhiteElo "2440"]
[BlackElo "2419"]
[PlyCount "83"]
[EventDate "2015.12.14"]
[EventType "tourn"]
[EventRounds "9"]
[EventCountry "ESP"]
[Source "lmi"]
[SourceDate "2015.12.14"]

1. e4 c5 2. Nf3 e6 3. c4 Nc6 4. Nc3 Nge7 5. d4 Nxd4 6. Nxd4 cxd4 7. Qxd4 Nc6 8.
Qe3 Nb4 9. Qd2 Be7 10. Be2 O-O 11. O-O a6 12. b3 Nc6 13. Bb2 Qc7 14. Rad1 b6
15. f4 Nd4 16. Bd3 f6 17. Kh1 Nc6 18. Rf3 Bb7 19. Rh3 Rf7 20. Qf2 Rb8 21. a3
Ba8 22. b4 Rbf8 23. Bc1 Rb8 24. Be3 a5 25. b5 Na7 26. Na4 Nc8 27. c5 bxc5 28.
Nxc5 Bxc5 29. Bxc5 a4 30. Bb4 Qb7 31. e5 f5 32. Bf1 Nb6 33. Rdd3 Nd5 34. Rxh7
Kxh7 35. Rh3+ Kg8 36. Qh4 Rff8 37. Bd6 Nxf4 38. Qh7+ Kf7 39. Rh6 Nd5 40. Qg6+
Kg8 41. Rh7 Rf7 42. Qh5 1-0

[Event "25. Torneo Magistral de Elgoibar 2015"]
[Site "Elgoibar ESP"]
[Date "2015.12.14"]
[Round "1.4"]
[White "Paunovic, Dragan"]
[Black "Vega Gutierrez, Sabrina"]
[Result "1/2-1/2"]
[WhiteElo "2436"]
[BlackElo "2404"]
[PlyCount "53"]
[EventDate "2015.12.14"]
[EventType "tourn"]
[EventRounds "9"]
[EventCountry "ESP"]
[Source "lmi"]
[SourceDate "2015.12.14"]

1. c4 e5 2. g3 Nf6 3. Bg2 d5 4. cxd5 Nxd5 5. Nf3 Nc6 6. O-O Nb6 7. d3 Be7 8.
Nbd2 O-O 9. b3 a5 10. Bb2 f6 11. Nc4 Be6 12. Nxb6 cxb6 13. Nd2 b5 14. a3 Qd7
15. Rc1 Rfc8 16. Re1 Bf8 17. e3 Qxd3 18. Bf1 Qd5 19. e4 Qd6 20. Bxb5 Rd8 21.
Bc4 b5 22. Bxb5 Qxd2 23. Qxd2 Rxd2 24. Bxc6 Rb8 25. Bc3 Rd3 26. Bxa5 Bxa3 27.
Rcd1 1/2-1/2

[Event "25. Torneo Magistral de Elgoibar 2015"]
[Site "Elgoibar ESP"]
[Date "2015.12.14"]
[Round "1.5"]
[White "Gonzalez De La Torre, Santiago"]
[Black "Barrenechea Bahamonde, Gustavo"]
[Result "1-0"]
[WhiteElo "2431"]
[BlackElo "2127"]
[PlyCount "69"]
[EventDate "2015.12.14"]
[EventType "tourn"]
[EventRounds "9"]
[EventCountry "ESP"]
[Source "lmi"]
[SourceDate "2015.12.14"]

1. e4 d5 2. exd5 Qxd5 3. Nf3 g6 4. Be2 Bg7 5. O-O c5 6. Nc3 Qd8 7. Ne4 Nd7 8.
Bb5 Qb6 9. Qe2 a6 10. Bc4 Nh6 11. Neg5 e5 12. Nxe5 Nxe5 13. f4 Bg4 14. Nf3 O-O
15. fxe5 Rae8 16. d3 Rxe5 17. Qxe5 Bxe5 18. Nxe5 g5 19. Bxg5 Bc8 20. Rae1 Nf5
21. Nxf7 Kg7 22. Rxf5 Bxf5 23. Bh6+ Kg6 24. Bxf8 Qxb2 25. Nd6 Qd4+ 26. Kh1 Qf2
27. Bf7+ Kf6 28. Be7+ Kg7 29. Bh4 Qxc2 30. Bb3 Qxd3 31. Rd1 Qe2 32. Nxf5+ Kg6
33. Ng3 Qg4 34. Rd6+ Kg7 35. Bf6+ 1-0

[Event "25. Torneo Magistral de Elgoibar 2015"]
[Site "Elgoibar ESP"]
[Date "2015.12.15"]
[Round "2.1"]
[White "Pap, Misa"]
[Black "Barrenechea Bahamonde, Gustavo"]
[Result "1-0"]
[WhiteElo "2494"]
[BlackElo "2127"]
[PlyCount "93"]
[EventDate "2015.12.14"]
[EventType "tourn"]
[EventRounds "9"]
[EventCountry "ESP"]
[Source "lmi"]
[SourceDate "2015.12.14"]

1. e4 Nf6 2. e5 Nd5 3. d4 d6 4. c4 Nb6 5. exd6 cxd6 6. Nc3 g6 7. Nf3 Bg7 8. Be2
O-O 9. O-O Nc6 10. h3 Bf5 11. Be3 d5 12. g4 Be6 13. c5 Nc4 14. Bc1 Qa5 15. Nb1
Qc7 16. b3 N4a5 17. Nc3 b6 18. cxb6 axb6 19. Be3 Rad8 20. Qd2 f5 21. Bf4 Qd7
22. g5 Nb7 23. Nb5 Nd6 24. Nxd6 exd6 25. Bb5 Qb7 26. Rfe1 Na7 27. Rxe6 Nxb5 28.
a4 Qc8 29. Re3 Nc7 30. Rae1 Rfe8 31. Rxe8+ Nxe8 32. Qb4 Qb7 33. Kg2 Bf8 34. Ng1
Ng7 35. Qb5 Nh5 36. Bd2 f4 37. a5 Rb8 38. a6 Qf7 39. Nf3 h6 40. gxh6 Bxh6 41.
Qc6 Bf8 42. Ra1 Qe8 43. Qxd5+ Kh8 44. Re1 Qd7 45. Re6 Kh7 46. Rxg6 Be7 47.
Qxh5# 1-0

[Event "25. Torneo Magistral de Elgoibar 2015"]
[Site "Elgoibar ESP"]
[Date "2015.12.15"]
[Round "2.2"]
[White "Vega Gutierrez, Sabrina"]
[Black "Gonzalez De La Torre, Santiago"]
[Result "1/2-1/2"]
[WhiteElo "2404"]
[BlackElo "2431"]
[PlyCount "105"]
[EventDate "2015.12.14"]
[EventType "tourn"]
[EventRounds "9"]
[EventCountry "ESP"]
[Source "lmi"]
[SourceDate "2015.12.14"]

1. e4 c5 2. Nf3 e6 3. d4 cxd4 4. Nxd4 Nf6 5. Nc3 d6 6. f4 Qb6 7. Be3 Nc6 8. a3
a6 9. Be2 Qc7 10. O-O Bd7 11. Kh1 Na5 12. Qe1 Nc4 13. Bc1 Rc8 14. b3 Na5 15.
Bb2 Nc6 16. Nf3 Be7 17. Bd3 O-O 18. e5 Nh5 19. exd6 Bxd6 20. Qh4 g6 21. Ne4 Be7
22. Nfg5 f5 23. Ng3 Nxg3+ 24. hxg3 Rf7 25. g4 b5 26. Rad1 Bxg5 27. Qxg5 Ne7 28.
gxf5 Nxf5 29. Rfe1 Ng7 30. Be5 Qc5 31. Be4 Qxa3 32. Re3 Qe7 33. Qxe7 Rxe7 34.
Red3 Bc6 35. Rc3 Rd7 36. Ra1 Bb7 37. Bxb7 Rxc3 38. Bxc3 Rxb7 39. Rxa6 Kf7 40.
Be5 Nh5 41. c4 bxc4 42. bxc4 Nf6 43. c5 Ng4 44. Ra1 Nxe5 45. fxe5 Ke7 46. c6
Rb5 47. Ra7+ Kd8 48. Rxh7 Rxe5 49. Rd7+ Kc8 50. Kh2 Rc5 51. Rd6 Re5 52. Rd7 Rc5
53. Rd6 1/2-1/2

[Event "25. Torneo Magistral de Elgoibar 2015"]
[Site "Elgoibar ESP"]
[Date "2015.12.15"]
[Round "2.3"]
[White "Astasio Lopez, David"]
[Black "Paunovic, Dragan"]
[Result "0-1"]
[WhiteElo "2419"]
[BlackElo "2436"]
[PlyCount "75"]
[EventDate "2015.12.14"]
[EventType "tourn"]
[EventRounds "9"]
[EventCountry "ESP"]
[Source "lmi"]
[SourceDate "2015.12.14"]

1. d4 d6 2. Nf3 Nf6 3. Nbd2 g6 4. e4 Bg7 5. Bc4 O-O 6. O-O Nc6 7. c3 e5 8. dxe5
Nxe5 9. Nxe5 dxe5 10. Qe2 Qe7 11. Nf3 h6 12. a4 b6 13. a5 Bb7 14. Nd2 a6 15.
axb6 cxb6 16. Bxa6 b5 17. Qxb5 Rfb8 18. Qd3 Rd8 19. Qb5 Rdb8 20. Qd3 Qd8 21.
Qe2 Qd6 22. Bxb7 Rxa1 23. Bd5 Nxd5 24. Qd3 Rd8 25. Nc4 Qd7 26. exd5 Qxd5 27.
Qxd5 Rxd5 28. Bd2 Ra6 29. Be3 f5 30. f3 Rc6 31. Na3 Bf8 32. Nc2 f4 33. Bf2 Rb5
34. Rc1 Rxb2 35. Ne1 Rd2 36. c4 Bc5 37. Bxc5 Rxc5 38. Rc3 0-1

[Event "25. Torneo Magistral de Elgoibar 2015"]
[Site "Elgoibar ESP"]
[Date "2015.12.15"]
[Round "2.5"]
[White "Etchegaray, Patrice"]
[Black "Kobo, Ori"]
[Result "0-1"]
[WhiteElo "2381"]
[BlackElo "2430"]
[PlyCount "70"]
[EventDate "2015.12.14"]
[EventType "tourn"]
[EventRounds "9"]
[EventCountry "ESP"]
[Source "lmi"]
[SourceDate "2015.12.14"]

1. d4 Nf6 2. Bg5 d5 3. Bxf6 gxf6 4. e3 c5 5. c4 dxc4 6. Bxc4 cxd4 7. exd4 Nc6
8. Ne2 Bg7 9. Nbc3 O-O 10. O-O f5 11. d5 Ne5 12. Bb3 Qd6 13. Nd4 Ng4 14. Nf3
Bd7 15. Qe2 a5 16. h3 a4 17. Bc4 Ne5 18. Nxe5 Bxe5 19. Rfe1 Bf6 20. Rac1 Rac8
21. a3 Kh8 22. Ba2 Rg8 23. Qf3 Rg5 24. Kh1 Rcg8 25. Rg1 b5 26. Rc2 Be5 27. g3
Qh6 28. Kg2 f4 29. Rh1 fxg3 30. Ne2 gxf2+ 31. Kf1 Rg1+ 32. Nxg1 fxg1=Q+ 33.
Rxg1 Bxh3+ 34. Rgg2 Bxg2+ 35. Rxg2 Qh1+ 0-1

[Event "25. Torneo Magistral de Elgoibar 2015"]
[Site "Elgoibar ESP"]
[Date "2015.12.16"]
[Round "3.1"]
[White "Kobo, Ori"]
[Black "Pap, Misa"]
[Result "1/2-1/2"]
[WhiteElo "2430"]
[BlackElo "2494"]
[PlyCount "120"]
[EventDate "2015.12.14"]
[EventType "tourn"]
[EventRounds "9"]
[EventCountry "ESP"]
[Source "lmi"]
[SourceDate "2015.12.14"]

1. d4 Nf6 2. c4 e6 3. Nc3 Bb4 4. f3 c5 5. d5 O-O 6. e4 d6 7. Nge2 a6 8. Ng3 b5
9. Be2 exd5 10. cxd5 Nbd7 11. O-O c4 12. Kh1 Ne5 13. a4 Rb8 14. axb5 axb5 15.
Be3 Re8 16. Ba7 Rb7 17. Bd4 Ng6 18. Ra8 Qe7 19. Qd2 Bd7 20. Rfa1 h6 21. h3 Rxa8
22. Rxa8+ Kh7 23. Qc1 Rc7 24. Nf5 Bxf5 25. exf5 Ne5 26. Nxb5 Rb7 27. Nc3 Bxc3
28. Qxc3 Nxd5 29. Qc2 Qh4 30. Qe4 Qxe4 31. fxe4 Nf4 32. Bf1 Nfd3 33. Rc8 Nxb2
34. Bxe5 dxe5 35. Bxc4 Nxc4 36. Rxc4 h5 37. h4 Rb1+ 38. Kh2 Rf1 39. Rb4 f6 40.
Kh3 Kh6 41. Rb8 Kh7 42. Rb4 Rf4 43. Rc4 Kg8 44. Rc8+ Kh7 45. Rc4 Kh6 46. Kg3 g5
47. fxg6 Kxg6 48. Rb4 Kf7 49. Ra4 Ke7 50. Ra7+ Kd6 51. Rh7 Rg4+ 52. Kh3 Rxe4
53. Rxh5 Ke6 54. Rh8 Kf5 55. Rg8 Ra4 56. h5 Ra7 57. g4+ Kf4 58. Rf8 Kg5 59.
Rg8+ Kf4 60. Rf8 Kg5 1/2-1/2

[Event "25. Torneo Magistral de Elgoibar 2015"]
[Site "Elgoibar ESP"]
[Date "2015.12.16"]
[Round "3.2"]
[White "Muñoz, Miguel"]
[Black "Etchegaray, Patrice"]
[Result "1/2-1/2"]
[WhiteElo "2440"]
[BlackElo "2381"]
[PlyCount "27"]
[EventDate "2015.12.14"]
[EventType "tourn"]
[EventRounds "9"]
[EventCountry "ESP"]
[Source "lmi"]
[SourceDate "2015.12.14"]

1. g3 e5 2. Bg2 Nf6 3. e4 Nc6 4. Ne2 d5 5. exd5 Nxd5 6. O-O Bc5 7. Nbc3 Nxc3 8.
Nxc3 O-O 9. d3 Be6 10. Be3 Bd4 11. Qd2 Qd7 12. f4 Bh3 13. Bxh3 Qxh3 14. f5
1/2-1/2

[Event "25. Torneo Magistral de Elgoibar 2015"]
[Site "Elgoibar ESP"]
[Date "2015.12.16"]
[Round "3.3"]
[White "Paunovic, Dragan"]
[Black "Borya, Ider"]
[Result "0-1"]
[WhiteElo "2436"]
[BlackElo "2460"]
[PlyCount "86"]
[EventDate "2015.12.14"]
[EventType "tourn"]
[EventRounds "9"]
[EventCountry "ESP"]
[Source "lmi"]
[SourceDate "2015.12.14"]

1. Nf3 Nf6 2. c4 e6 3. Nc3 d5 4. d4 Nbd7 5. cxd5 exd5 6. Bg5 c6 7. e3 Qa5 8.
Nd2 Bb4 9. Qc2 h6 10. Bh4 g5 11. Bg3 Nh5 12. Bd3 Nxg3 13. fxg3 Nf6 14. O-O Be7
15. e4 dxe4 16. Ndxe4 Nxe4 17. Bxe4 Be6 18. Bf5 O-O-O 19. Rad1 Kb8 20. Bxe6
fxe6 21. Qg6 Qb4 22. Qxe6 Rhe8 23. Rd2 Bc5 24. Qg6 Bxd4+ 25. Kh1 Rf8 26. Rfd1
Rd6 27. Qb1 c5 28. h3 Qc4 29. Ne4 Re6 30. b3 Qb5 31. b4 Rb6 32. a3 a5 33. Qa2
axb4 34. axb4 Qxb4 35. Kh2 Qb3 36. Nxc5 Bxc5 37. Rd8+ Rxd8 38. Rxd8+ Kc7 39.
Qa8 Qe6 40. Rh8 Rb1 41. Rh7+ Kc6 42. Qa4+ Kb6 43. Qc2 Rh1+ 0-1

[Event "25. Torneo Magistral de Elgoibar 2015"]
[Site "Elgoibar ESP"]
[Date "2015.12.16"]
[Round "3.4"]
[White "Gonzalez De La Torre, Santiago"]
[Black "Astasio Lopez, David"]
[Result "1/2-1/2"]
[WhiteElo "2431"]
[BlackElo "2419"]
[PlyCount "104"]
[EventDate "2015.12.14"]
[EventType "tourn"]
[EventRounds "9"]
[EventCountry "ESP"]
[Source "lmi"]
[SourceDate "2015.12.14"]

1. e4 c5 2. Nf3 e6 3. d4 cxd4 4. Nxd4 Nc6 5. Nc3 Nf6 6. Nxc6 bxc6 7. e5 Nd5 8.
Ne4 Qc7 9. f4 Qa5+ 10. c3 Be7 11. Bd3 Ba6 12. O-O Bxd3 13. Qxd3 f5 14. exf6
Nxf6 15. Nxf6+ Bxf6 16. Be3 d5 17. a4 O-O 18. b4 Qc7 19. Bc5 Rfe8 20. Rf3 a5
21. bxa5 Rxa5 22. Qe3 Ra6 23. h3 e5 24. fxe5 Bxe5 25. Raf1 Raa8 26. Qf2 Qc8 27.
Rf7 h6 28. Re1 Qe6 29. Rxg7+ Kxg7 30. Rxe5 Qxe5 31. Bd4 Rxa4 32. Qg3+ Kf6 33.
Qf2+ Kg6 34. Bxe5 Rxe5 35. Qf8 Re6 36. Qg8+ Kf6 37. Qf8+ Ke5 38. Qg8 Kf5 39.
g4+ Ke5 40. Qb8+ Ke4 41. Qb1+ Kf4 42. Qf1+ Ke5 43. Qf5+ Kd6 44. Qf8+ Kd7 45.
Qg7+ Kd8 46. Qg8+ Re8 47. Qg6 Kd7 48. Kf2 Re6 49. Qg7+ Kd6 50. Qf8+ Kd7 51.
Qg7+ Kd6 52. Qf8+ Kd7 1/2-1/2

[Event "25. Torneo Magistral de Elgoibar 2015"]
[Site "Elgoibar ESP"]
[Date "2015.12.16"]
[Round "3.5"]
[White "Barrenechea Bahamonde, Gustavo"]
[Black "Vega Gutierrez, Sabrina"]
[Result "0-1"]
[WhiteElo "2127"]
[BlackElo "2404"]
[PlyCount "138"]
[EventDate "2015.12.14"]
[EventType "tourn"]
[EventRounds "9"]
[EventCountry "ESP"]
[Source "lmi"]
[SourceDate "2015.12.14"]

1. e4 c5 2. Nf3 e6 3. b4 cxb4 4. d4 d5 5. e5 Bd7 6. Bd3 Qb6 7. Qe2 a6 8. a4
bxa3 9. Bxa3 Bb5 10. Bxf8 Bxd3 11. Qxd3 Kxf8 12. Nc3 Nc6 13. O-O Rc8 14. Rfb1
Qc7 15. Na4 a5 16. c3 Nge7 17. Nc5 Rb8 18. Ng5 Kg8 19. Qh3 Nd8 20. Qh5 g6 21.
Qf3 h6 22. Nh3 Nec6 23. Rb5 Kh7 24. Nf4 Qe7 25. Rab1 Rf8 26. h4 b6 27. Rxb6
Rxb6 28. Rxb6 Nxe5 29. Qe2 Nec6 30. h5 g5 31. Qd3+ Kg8 32. Qg3 Qc7 33. Nxd5
Qxg3 34. Nf6+ Kg7 35. fxg3 Kxf6 36. Nd7+ Ke7 37. Nxf8 Kxf8 38. Kf2 Ke7 39. Ke3
Kd6 40. c4 Kc7 41. Rb1 Nb7 42. Rf1 Nd6 43. Kd3 Nb4+ 44. Kc3 Ne4+ 45. Kb2 f5 46.
g4 Nd2 47. Rd1 Nxc4+ 48. Kb3 Ne3 49. Rc1+ Kd6 50. gxf5 exf5 51. Rc8 Nc6 52. Kc3
f4 53. Rh8 Nf5 54. Rf8 Ncxd4 55. Rf6+ Kd5 56. Kd3 Kc5 57. Kc3 a4 58. Rg6 Nb5+
59. Kd3 Nbd6 60. Kc3 Kd5 61. Kd3 a3 62. Rg8 Ne3 63. g3 fxg3 64. Kxe3 Kc4 65.
Ra8 Kb3 66. Kf3 Nb5 67. Kxg3 a2 68. Rxa2 Kxa2 69. Kf3 Nd6 0-1

[Event "25. Torneo Magistral de Elgoibar 2015"]
[Site "Elgoibar ESP"]
[Date "2015.12.16"]
[Round "4.1"]
[White "Pap, Misa"]
[Black "Vega Gutierrez, Sabrina"]
[Result "1/2-1/2"]
[WhiteElo "2494"]
[BlackElo "2404"]
[PlyCount "29"]
[EventDate "2015.12.14"]
[EventType "tourn"]
[EventRounds "9"]
[EventCountry "ESP"]
[Source "lmi"]
[SourceDate "2015.12.14"]

1. e4 c5 2. c3 d5 3. exd5 Qxd5 4. d4 Nf6 5. Nf3 Nc6 6. Be3 e5 7. dxc5 Qxd1+ 8.
Kxd1 Nd5 9. Bb5 f6 10. Nbd2 Nxe3+ 11. fxe3 Bxc5 12. Ke2 Be6 13. Bc4 Ke7 14.
Rhd1 g6 15. Bb3 1/2-1/2

[Event "25. Torneo Magistral de Elgoibar 2015"]
[Site "Elgoibar ESP"]
[Date "2015.12.16"]
[Round "4.2"]
[White "Astasio Lopez, David"]
[Black "Barrenechea Bahamonde, Gustavo"]
[Result "1-0"]
[WhiteElo "2419"]
[BlackElo "2127"]
[PlyCount "79"]
[EventDate "2015.12.14"]
[EventType "tourn"]
[EventRounds "9"]
[EventCountry "ESP"]
[Source "lmi"]
[SourceDate "2015.12.14"]

1. d4 d5 2. Nf3 e6 3. Bf4 c5 4. c3 Nf6 5. e3 Nc6 6. Nbd2 Bd6 7. Bg3 O-O 8. Bd3
b6 9. Ne5 Bb7 10. O-O Qc7 11. f4 Ne7 12. Qf3 Nf5 13. Bf2 Be7 14. Rad1 Rac8 15.
Rfe1 Rfe8 16. Re2 Bf8 17. Ng4 Nxg4 18. Qxg4 Nd6 19. Qh3 Ne4 20. Bg3 f5 21. Nf3
Bd6 22. Ne5 c4 23. Bb1 b5 24. Be1 a5 25. g4 Rf8 26. Rg2 b4 27. Kh1 bxc3 28.
bxc3 Bc6 29. gxf5 Bxe5 30. Bxe4 dxe4 31. dxe5 Rxf5 32. Bh4 Qf7 33. Bf6 Rxf6 34.
exf6 Qxf6 35. Rd6 Qf5 36. Qh4 Kf7 37. Rd8 Rc7 38. Rg5 Qf6 39. Qxh7 Ke7 40. Rd1
1-0

[Event "25. Torneo Magistral de Elgoibar 2015"]
[Site "Elgoibar ESP"]
[Date "2015.12.16"]
[Round "4.3"]
[White "Borya, Ider"]
[Black "Gonzalez De La Torre, Santiago"]
[Result "1-0"]
[WhiteElo "2460"]
[BlackElo "2431"]
[PlyCount "63"]
[EventDate "2015.12.14"]
[EventType "tourn"]
[EventRounds "9"]
[EventCountry "ESP"]
[Source "lmi"]
[SourceDate "2015.12.14"]

1. d4 d5 2. Nf3 Nf6 3. c4 c6 4. e3 e6 5. Bd3 Nbd7 6. Nbd2 Be7 7. b3 b6 8. Bb2
Bb7 9. O-O O-O 10. Qe2 Qc7 11. Rac1 Rad8 12. cxd5 exd5 13. Ne5 Nxe5 14. dxe5
Nd7 15. f4 g6 16. Qg4 Bc8 17. Qg3 Nc5 18. Bb1 f5 19. h4 Ne4 20. Nxe4 dxe4 21.
h5 Kg7 22. hxg6 hxg6 23. Bxe4 Be6 24. Rxc6 Qd7 25. Bf3 Rc8 26. Rxc8 Rxc8 27.
Rd1 Qb5 28. Bh5 Qe8 29. Rd6 Bxd6 30. exd6+ Kf8 31. Bxg6 Qd8 32. Qh3 1-0

[Event "25. Torneo Magistral de Elgoibar 2015"]
[Site "Elgoibar ESP"]
[Date "2015.12.16"]
[Round "4.4"]
[White "Etchegaray, Patrice"]
[Black "Paunovic, Dragan"]
[Result "1/2-1/2"]
[WhiteElo "2381"]
[BlackElo "2436"]
[PlyCount "110"]
[EventDate "2015.12.14"]
[EventType "tourn"]
[EventRounds "9"]
[EventCountry "ESP"]
[Source "lmi"]
[SourceDate "2015.12.14"]

1. d4 d6 2. e4 Nf6 3. Nc3 e5 4. Nf3 Nbd7 5. Bc4 Be7 6. a4 O-O 7. O-O c6 8. a5
h6 9. h3 exd4 10. Nxd4 Ne5 11. Ba2 Re8 12. f4 Ng6 13. Qd3 Bf8 14. Qg3 d5 15. e5
Nd7 16. e6 Qf6 17. exf7+ Qxf7 18. f5 Bc5 19. Be3 Nge5 20. Ne6 Bxe3+ 21. Qxe3
Nc4 22. Bxc4 dxc4 23. Qg3 Re7 24. Rad1 Nf6 25. Rd8+ Re8 26. Rxe8+ Nxe8 27. Qe3
Nf6 28. Qe5 Bxe6 29. fxe6 Qe7 30. Ne4 Nxe4 31. Qxe4 Re8 32. Rf7 Qxe6 33. Qxe6
Rxe6 34. Rxb7 c3 35. bxc3 Re3 36. Rxa7 Rxc3 37. Rc7 Rxc2 38. a6 Kh7 39. Kh2 Rc3
40. h4 h5 41. g3 Rc2+ 42. Kg1 c5 43. a7 Ra2 44. Rxc5 Rxa7 45. Rxh5+ Kg8 46. Rf5
g6 47. Rf2 Kg7 48. Kg2 Ra4 49. Rf4 Rxf4 50. gxf4 Kf6 51. Kg3 Kf5 52. Kf3 Ke6
53. Kg4 Kf6 54. h5 gxh5+ 55. Kxh5 Kf5 1/2-1/2

[Event "25. Torneo Magistral de Elgoibar 2015"]
[Site "Elgoibar ESP"]
[Date "2015.12.16"]
[Round "4.5"]
[White "Kobo, Ori"]
[Black "Muñoz, Miguel"]
[Result "1/2-1/2"]
[WhiteElo "2430"]
[BlackElo "2440"]
[PlyCount "123"]
[EventDate "2015.12.14"]
[EventType "tourn"]
[EventRounds "9"]
[EventCountry "ESP"]
[Source "lmi"]
[SourceDate "2015.12.14"]

1. d4 c5 2. d5 Nf6 3. c4 e5 4. Nc3 d6 5. e4 Be7 6. g3 O-O 7. Bg2 Ne8 8. Nge2 g6
9. O-O Ng7 10. Be3 f5 11. Qd3 Nd7 12. Rae1 Nf6 13. f3 Bd7 14. Bh6 Qb6 15. b3
Qa5 16. Qd2 fxe4 17. fxe4 Ng4 18. Bg5 Bxg5 19. Qxg5 Rxf1+ 20. Rxf1 Qd8 21. Qd2
Qe7 22. h3 Nf6 23. Nc1 a6 24. Nd3 Rf8 25. Ne2 b6 26. Kh2 Rc8 27. Rc1 Be8 28. a3
a5 29. Kg1 Ra8 30. Nc3 Nfh5 31. Kh2 Bd7 32. Qe3 Ne8 33. Rf1 Nc7 34. Bf3 Nf6 35.
Be2 Kg7 36. Kg2 Ng8 37. Rb1 Nh6 38. b4 axb4 39. axb4 Nf7 40. bxc5 bxc5 41. Nf2
Na6 42. Ra1 Nc7 43. Rb1 Na6 44. Ra1 Nc7 45. Rxa8 Nxa8 46. Qc1 Nc7 47. Qb2 h5
48. Qb6 Ne8 49. Nb5 Qg5 50. Qa7 Nf6 51. Nc7 Qe3 52. Ne6+ Kh6 53. Qb8 Ne8 54.
Bf3 Ng5 55. Nxg5 Qxg5 56. h4 Qe7 57. Qb3 Nf6 58. Qe3+ Kg7 59. Qg5 Ng8 60. Qe3
Qd8 61. Qc3 Qc7 62. Qa3 1/2-1/2

[Event "25. Torneo Magistral de Elgoibar 2015"]
[Site "Elgoibar ESP"]
[Date "2015.12.17"]
[Round "5.1"]
[White "Muñoz, Miguel"]
[Black "Pap, Misa"]
[Result "1-0"]
[WhiteElo "2440"]
[BlackElo "2494"]
[PlyCount "65"]
[EventDate "2015.12.14"]
[EventType "tourn"]
[EventRounds "9"]
[EventCountry "ESP"]
[Source "lmi"]
[SourceDate "2015.12.14"]

1. e4 e5 2. Nf3 Nc6 3. Bb5 g6 4. d4 exd4 5. Nxd4 Bg7 6. Be3 Nf6 7. Nc3 O-O 8.
O-O Ng4 9. Qxg4 Nxd4 10. Bd3 d5 11. Qd1 c6 12. exd5 Nf5 13. Bxf5 Bxf5 14. Qd2
cxd5 15. Bd4 Bxd4 16. Qxd4 Be6 17. Rad1 Qc7 18. Rd2 Rfd8 19. Rfd1 a6 20. h4
Rac8 21. h5 Qe7 22. h6 Qf8 23. Qh4 f6 24. Nxd5 g5 25. Qe4 Re8 26. Qd4 Bxd5 27.
Qxd5+ Qf7 28. Qf5 Rc7 29. Rd6 Rc6 30. Rd7 Re7 31. Rd8+ Re8 32. R1d7 Rxd8 33.
Rxd8+ 1-0

[Event "25. Torneo Magistral de Elgoibar 2015"]
[Site "Elgoibar ESP"]
[Date "2015.12.17"]
[Round "5.2"]
[White "Paunovic, Dragan"]
[Black "Kobo, Ori"]
[Result "1/2-1/2"]
[WhiteElo "2436"]
[BlackElo "2430"]
[PlyCount "117"]
[EventDate "2015.12.14"]
[EventType "tourn"]
[EventRounds "9"]
[EventCountry "ESP"]
[Source "lmi"]
[SourceDate "2015.12.14"]

1. Nf3 d5 2. d4 Nf6 3. c4 e6 4. g3 Bb4+ 5. Bd2 Bd6 6. Bg2 c6 7. Qc2 Nbd7 8. O-O
O-O 9. Bg5 h6 10. Bxf6 Nxf6 11. Nbd2 b6 12. e4 Be7 13. e5 Nd7 14. cxd5 cxd5 15.
Rfc1 Nb8 16. a3 Bd7 17. Bf1 Nc6 18. b4 a6 19. Qb2 Qb8 20. Rc3 Rc8 21. Rac1 Qb7
22. h4 Na7 23. Bd3 Ba4 24. Nb1 Nb5 25. Rxc8+ Rxc8 26. Nc3 Nxc3 27. Rxc3 h5 28.
Nd2 g6 29. Nb1 Bd1 30. Kg2 Bg4 31. Nd2 Kg7 32. Qc1 Rxc3 33. Qxc3 a5 34. b5 Qb8
35. f3 Bf5 36. Bxf5 gxf5 37. f4 Qf8 38. Nb1 Kh6 39. Qc7 Kg7 40. Qxb6 Bxa3 41.
Qxa5 Bb4 42. Qa4 Be1 43. Na3 Qc8 44. Qc2 Qa8 45. Qb2 Qa5 46. b6 Bc3 47. Qb1
Qxa3 48. b7 Be1 49. Qxe1 Qb2+ 50. Qf2 Qxb7 51. Qe2 Kg6 52. Qc2 Qa6 53. Qb2 Qd3
54. Qb8 Qe2+ 55. Kg1 Kg7 56. Qd8 Qd1+ 57. Kg2 Qxd4 58. Qg5+ Kf8 59. Qd8+
1/2-1/2

[Event "25. Torneo Magistral de Elgoibar 2015"]
[Site "Elgoibar ESP"]
[Date "2015.12.17"]
[Round "5.4"]
[White "Barrenechea Bahamonde, Gustavo"]
[Black "Borya, Ider"]
[Result "0-1"]
[WhiteElo "2127"]
[BlackElo "2460"]
[PlyCount "56"]
[EventDate "2015.12.14"]
[EventType "tourn"]
[EventRounds "9"]
[EventCountry "ESP"]
[Source "lmi"]
[SourceDate "2015.12.14"]

1. e4 e6 2. d4 d5 3. e5 c5 4. c3 Nc6 5. Nf3 Qb6 6. Bd3 cxd4 7. cxd4 Bd7 8. O-O
Nxd4 9. Nbd2 Bc5 10. Nxd4 Bxd4 11. Nf3 Ne7 12. Bd2 Ng6 13. Nxd4 Qxd4 14. Bc3
Qb6 15. Qg4 Bb5 16. Rad1 Bxd3 17. Rxd3 Qb5 18. Rd4 O-O 19. Rb4 Qa6 20. h4 Rfc8
21. h5 Ne7 22. h6 Nf5 23. hxg7 Rc4 24. Qg5 Rxb4 25. Bxb4 Qc4 26. Bf8 Rc8 27. f4
Qe2 28. Rf3 Rc1+ 0-1